Statistiques concernant les candidats du PCF aux élections présidentielles

Cliquez ici pour prendre le quiz!

Statistiques générales

  • Ce quiz a été pris 85 fois
    (68 depuis la dernière actualisation)
  • Le résultat moyen est 6 sur 8

Statistiques - réponses

électionCandidat% Correct
2022Fabien Roussel
98%
1981Georges Marchais
88%
1995Robert Hue
84%
2002Robert Hue
84%
2007Marie-George Buffet
74%
1969Jacques Duclos
52%
1988André Lajoinie
44%
1958Georges Marrane
26%

Distribution des résultats

Percentile par nombre de réponses

% des personnes avec chaque résultat

Votre développement - résultats

Vous n’avez pas pris ce quiz depuis la dernière actualisation